States of the United States of Greater Austria on a Map - Statistics

General Stats
  • This quiz has been taken 170 times
  • The average score is 9 of 16
Answers on the Map
Answers color-coded by a green-red scale on the quiz's map according to % correct below.
 
Answer Stats
Answer % Correct
Croatia
99%
Hungary
99%
Bosnia and Herzegovina
98%
Slovakia
92%
Bohemia
87%
Transylvania
79%
Trieste
62%
Carniola
37%
German Austria
37%
Trentino
34%
Vojvodina
33%
German Bohemia
26%
Szeklerland
24%
German Moravia
19%
East Galicia
17%
West Galicia
17%
No matching quizzes found
Score Distribution
Percent of People with Each Score
Percentile by Number Answered
Your Score History
You have not taken this quiz